Evangelism on purpose: (Record no. 9065)

000 -LEADER
fixed length control field 00614nam a2200193 a 4500
001 - CONTROL NUMBER
control field :::00006846$&:&@@
003 - CONTROL NUMBER IDENTIFIER
control field OkBaRHE
005 - DATE AND TIME OF LATEST TRANSACTION
control field 20000607103333.0
008 - FIXED-LENGTH DATA ELEMENTS--GENERAL INFORMATION
fixed length control field s1980 j 000 0 eng u
040 ## - CATALOGING SOURCE
Transcribing agency
100 1# - MAIN ENTRY--PERSONAL NAME
Personal name Rusbuldt, Richard E.
245 10 - TITLE STATEMENT
Title Evangelism on purpose:
Remainder of title a planning guide for churches.
260 ## - PUBLICATION, DISTRIBUTION, ETC. (IMPRINT)
Place of publication, distribution, etc Valley Forge, PA., :
Name of publisher, distributor, etc Judson Press
Date of publication, distribution, etc c1980
300 ## - PHYSICAL DESCRIPTION
Extent 48 p. : illus. ;
Dimensions 22 cm.
650 ## - SUBJECT ADDED ENTRY--TOPICAL TERM
Topical term or geographic name as entry element Evangelistic Work
650 ## - SUBJECT ADDED ENTRY--TOPICAL TERM
Topical term or geographic name as entry element Mission of the Church
942 ## - ADDED ENTRY ELEMENTS (KOHA)
Source of classification or shelving scheme
Koha item type Books
Copies
Koha item type Full call number Barcode Price effective from Source of classification or shelving scheme Not for loan Permanent Location Date acquired Lost status Date last seen Damaged status Shelving location Withdrawn status Copy number
BooksBV 601.8 .R8768462010-04-14  RHEMA Bible Training College2010-04-14 2010-04-14 General Stacks 1